000 00738nam a2200193Ia 4500
008 151121s9999||||xx |||||||||||||| ||und||
082 _a920/केळक
082 _bHNW-56047
100 _aकेळकर म।म।
245 _aस्वभावाला औषध नाही आणि। । । ।
260 _b"कॉन्टिनेंन्टल प्रकाशन,पुणे।"
260 _c--
300 _a321
600 _aकेळकर म।म।
630 _aस्वभावाला औषध नाही आणि। । । ।
700 _aकेळकर म।म।
730 _aस्वभावाला औषध नाही आणि। । । ।
942 _cBOOK
999 _c1238706
_d1238703